01650nam a2200337Ia 450000500170000000800410001702000150005808200180007310000210009124501980011225000180031030000580032850001150038650400610050165000490056265000500061165000260066165000400068765000380072765000340076570000480079994200120084726400530085933600270091233700330093933800280097204000350100099900150103595201290105095201330117920220317000707.0160601s2004 mx a g 000 0 spa  a970260519904a519.5 bT73es1 aTriola, Mario F.10aEstadística cMario F. Triola ; traducción M. Leticia Esther Pineda Ayala ; revisión técnica Mario Alberto González Medina, Adrián Solano Castro ; editor Pablo Miguel Guerrero Rosas a9a edición  a838 páginas bilustraciones, fotos c27 cm eCD-ROM aIncluye CD-ROM, consultarlo con el título: Estadística. Consultar CD-ROM bajo clasificación: 519.5 T67es aIncluye bibliografía, índice, glosario y apéndices142LEMBaEstadística xEnseñanza elemental 142LEMBaEstadística xProblemas y ejercicios 142LEMBaProbabilidades 142LEMBaCorrelación (Estadística)142LEMBaAnálisis de regresión 142LEMBaAnálisis de varianza 1 aPineda Ayala, M. Leticiaetraductor 952833 2ddccBK aMéxico bPearson; Addison-Wesley Longmanc2004 atextobtxt2rdacontent asin mediaciónbn2rdamedia avolumenbnc2rdacarrier aCO-BoRNBPbspaerdacCO-BoRNBP c4796d4796 00102ddc40708GENaMEURIBEbMEURIBEcGENd2024-07-30l0o519.5 T73espURI00645r2024-07-30 15:02:49tEj.1w2024-07-30yBK 00102lcc40708GENaMEPCONCObMEPCONCOcGENd2026-02-11l0o519.5 T73espPCON00964r2026-02-11 15:47:53tEj.1w2026-02-11yBK